|
|
|
|
| LEADER |
00000nam0a2200000 4500 |
| 001 |
287084 |
| 005 |
20231101235944.0 |
| 035 |
|
|
|a (RuTPU)RU\TPU\book\311456
|
| 090 |
|
|
|a 287084
|
| 100 |
|
|
|a 20150312d1977 k y0rusy50 ca
|
| 101 |
0 |
|
|a rus
|
| 102 |
|
|
|a RU
|
| 105 |
|
|
|a a z 001zy
|
| 200 |
1 |
|
|a Геология, геохимия и полезные ископаемые Урала. [Вып. 1]
|e межвузовский научный тематический сборник
|f Свердловский горный институт им. В. В. Вахрушева ; под ред. П. А. Шехтмана
|
| 210 |
|
|
|a Свердловск
|c Изд-во УПИ
|d 1977
|
| 215 |
|
|
|a 128 с.
|c ил.
|
| 320 |
|
|
|a Библиогр. в конце статей
|
| 606 |
1 |
|
|a Геология
|y Урал
|2 stltpush
|3 (RuTPU)RU\TPU\subj\69966
|9 84574
|
| 606 |
1 |
|
|a Геохимия
|2 stltpush
|3 (RuTPU)RU\TPU\subj\6296
|9 34219
|
| 610 |
1 |
|
|a Урал
|
| 610 |
1 |
|
|a медноколчеданные месторождения
|
| 610 |
1 |
|
|a полигенность
|
| 610 |
1 |
|
|a полихронность
|
| 610 |
1 |
|
|a рудные поля
|
| 610 |
1 |
|
|a генезис
|
| 610 |
1 |
|
|a метасоматические ореолы
|
| 610 |
1 |
|
|a геохимические ореолы
|
| 675 |
|
|
|a 55(470.5)
|v 4
|
| 675 |
|
|
|a 550.4
|v 4
|
| 702 |
|
1 |
|a Шехтман
|b П. А.
|4 340
|
| 712 |
0 |
2 |
|a Свердловский горный институт им. В. В. Вахрушева
|c (1934-1991)
|2 stltpush
|3 (RuTPU)RU\TPU\col\6743
|9 24264
|
| 801 |
|
1 |
|a RU
|b 63413507
|c 20150312
|
| 801 |
|
2 |
|a RU
|b 63413507
|c 20190729
|g RCR
|
| 942 |
|
|
|c BK
|